|
|
|
|
| LEADER |
00801nab a2200229 i 4500 |
| 001 |
publ2217 |
| 005 |
20221104092018.0 |
| 008 |
130128s1999 hu o 0|| zxx d |
| 022 |
|
|
|a 1418-2874
|
| 024 |
7 |
|
|a 10.1023/A:1010190315865
|2 doi
|
| 024 |
7 |
|
|a 1067625
|2 mtmt
|
| 040 |
|
|
|a SZTE Publicatio Repozitórium
|b hun
|
| 041 |
|
|
|a zxx
|
| 100 |
1 |
|
|a Fudala Ágnes
|
| 245 |
1 |
0 |
|a Amino acid-pillared layered double hydroxide and montmorillonite
|h [elektronikus dokumentum] :
|b Thermal characteristics /
|c Fudala Ágnes
|
| 260 |
|
|
|c 1999
|
| 300 |
|
|
|a 317-322
|
| 490 |
0 |
|
|a Journal of Thermal Analysis and Calorimetry
|v 56 No. 1
|
| 700 |
0 |
1 |
|a Pálinkó István
|e aut
|
| 700 |
0 |
1 |
|a Hrivnák Béla
|e aut
|
| 700 |
0 |
1 |
|a Kiricsi Imre
|e aut
|
| 856 |
4 |
0 |
|u http://publicatio.bibl.u-szeged.hu/2217/1/1067625.pdf
|z Dokumentum-elérés
|